000 00283nam a2200121 a 4500
008 100917s1959|||| d
245 1 0 _aNa prelome
_bCesta III
100 1 _aDaskalov, Stojan C.
260 _bSVKL
_aBratislava
_c1959
044 _axo
_cSK
041 _aslo
020 _c41
999 _c10469
_d10469